Statistiken für Größte Städte Südafrikas

Klicken Sie hier um das Quiz zu spielen!

Allgemein

  • Dieses Quiz wurde 151 mal gespielt
  • Das Durchschnittsergebnis liegt bei 6 aus 15

Antwortstatistiken

BevölkerungStadt% Korrekt
7.860.781Johannesburg
99%
3.430.992Kapstadt
98%
1.763.336Pretoria
95%
2.786.046Durban
79%
464.591Bloemfontein
77%
876.436Port Elizabeth
62%
295.644East London
27%
475.238Pietermaritzburg
13%
311.901Rustenburg
11%
291.484Newcastle
2%
242.924Uitenhage
2%
377.922Vereeniging
2%
311.657Witbank
2%
605.504Evaton
1%
728.063Soshanguve
1%

Verteilung der Resultate

Perzentil nach korrekt beantworteten Fragen

Anzahl Personen mit jedem Resultat

Ihre Resultats-Entwicklung

Sie haben dieses Quiz noch nicht gespielt